00979nam a2200241 a 450000100100000000500170001000800410002702000150006804000250008308200170010810000240012524501380014926000600028730000280034749000340037550000340040950000410044350000430048453401230052770000240065070000290067483000340070300002471420200930023327.0110202s1984 mx a r 001 0 spa d a9681617444 aDO-SdBNPbspacBNPHU axxxxxbS341c1 aSchleifer, James T.10aCómo nació la democracia en América de Tocqueville /cJames T. Schleifer ; traducción Rodrigo Ruza ; prólogo G. W. Pierson. aMéxico, D. F. :bFondo de Cultura Económica,c1984. a426 p. :bil. ;c21 cm.1 aObras de política y derecho aIncluye índice analítico. aIncluye bibliografía p. [387-400]. aIncluye notas al pie de las páginas. pTítulo original :tThe making of Tocqueville´s "Democracy in America"cThe University of north Carolina Press, 19801 aRuza, Rodrigo,etr.1 aPierson, G. W.,epról. 0aObras de política y derecho